| 000 | 00376nam a22001337a 4500 | ||
|---|---|---|---|
| 082 |
_a423 _bZAM _cN-01, P-146 |
||
| 100 |
_aZaman M, Akhtar Naveed _947154 |
||
| 245 | _aRabia 21st concise dictionary: Urdu to English | ||
| 260 |
_aLahore: _bRabia Book House |
||
| 300 |
_a704 p ; _c18cm |
||
| 526 |
_a0 _b0 _c0 _d423_000000000000000_ZAM |
||
| 650 |
_aNUST _96342 |
||
| 942 |
_2ddc _cBK |
||
| 999 |
_c550441 _d550441 |
||